000
00290nam a22001337a 4500
020
_a
NA
082
_2
22
_a
629.821
100
_a
Manke, B. S.
245
_a
Linear control systems /
250
_a
8th ed.
260
_b
Khanna Publishers,
_c
c2005.
300
_a
0
_b
ill. ;
942
_2
ddc
_c
EE
_0
2
999
_c
3988
_d
3988